000 00660nam a22001937a 4500
999 _c176141
_d176141
005 20201118160753.0
010 _aUR-10934
020 _c350.00
_a9789390100675
035 _aU-9489
037 _bDBAD/PUB
082 _a440.9
100 _aمحمد ا ر شد حسين
245 _aا يو ا ن فکر
_cمحمد ا ر شد حسين
246 _bIwane Fikr (Urdu)
_aby Mohd. Arshad Hussain
260 _aN.Delhi
_bEducational Publishing House
_c2020 ء
270 _aH.O.D1/16,Ansari Road,Darya ganj,
_bN.Delhi
_e110002
_k45678285,23216162
_l0091-11-23211540
300 _a352 ص
_c22 Cm(Hb)
942 _2ddc
_cUR
_h440.9
_mم ش ت